000 00755nam a2200217 i 4500
001 187784
003 ES-MaACL
005 20230906223028.0
008 180221s1961 sp |||| | spa d
100 1 _aHuxtable, Ada Louise.
_9164298
245 1 0 _aPier Luigi Nervi /
_cpor Ada Louise Huxtable ; [versión... de Adolfo Sarabia ; edición revisada por Luis M. Aragó].
260 _aBarcelona :
_bBruguera,
_c[1961]
300 _a128 p., lám. 1-137 ;
_c26 cm.
490 1 _aMaestros de la Arquitectura Mundial
600 0 4 _aNervi, Pier Luigi.
_985403
700 0 _aSarabia, Adolfo.
_9103732
700 0 _aAragó, Luis María.
_922167
830 0 _aMaestros de la Arquitectura Mundial
_9192833
852 _aES-MaACL
_jE-3956
999 _c187784
_d187784